| 000 | 00373nam a2200145Ia 4500 | ||
|---|---|---|---|
| 008 | 210210b1964 xxu||||| |||| 00| 0 eng d | ||
| 082 | _a669 STRM | ||
| 100 | _aSTREET (Arthur) and ALEXANDER (William). | ||
| 245 | _aMetals in the service of man. | ||
| 260 |
_aLondon. _bE L B S., _c1964 |
||
| 300 | _ax,320 | ||
| 650 | _aMetals | ||
| 690 | _aMetallurgy | ||
| 906 | _a030154 | ||
| 999 |
_c81344 _d81344 |
||